| 000 | 00614nam a2200217 a 4500 | ||
|---|---|---|---|
| 005 | 20210219153403.0 | ||
| 008 | 991125n 000 0 u | ||
| 035 | _aUPN01000095701 | ||
| 100 | _aSnyder, Scott | ||
| 222 | _aDIAGNOSTIQUE | ||
| 245 | _aRasch analysis of the standardization data of the bayley mental scale of infant development | ||
| 300 | _a185-194 | ||
| 362 | _a17, No. 3, 1992 | ||
| 505 | _aJunio 1993 | ||
| 653 | 0 | _aPRUEBA COGNITIVA | |
| 653 | 0 |
_aINTELIGENCIA - _xPRUEBAS |
|
| 653 | 0 | _aPRUEBAS ESTANDARIZADAS | |
| 700 | _aSheehan, Robert | ||
| 904 |
_aAC _b033512 |
||
| 905 | _aArticulo | ||
| 999 |
_c75614 _d75614 |
||